| 000 | 00454nam a22001455i 4500 | ||
|---|---|---|---|
| 001 | 170034 | ||
| 003 | ES-MaACL | ||
| 005 | 20230906214252.0 | ||
| 008 | 090116s1885 sp |||| | spa d | ||
| 245 | 0 | 3 |
_aEl combate naval de Tagomago / _cpor un testigo ocular. |
| 260 |
_aMadrid : _b[s.n.], _c1885 ( _fTip. de Manuel G. Hernández) |
||
| 300 |
_a51 p. ; _c22 cm. |
||
| 650 | 4 |
_aMarina de guerra- _zEspaña- _yS.XIX. _914783 |
|
| 852 |
_aES-MaACL _jT-435-F-1 |
||
| 999 |
_c170034 _d170034 |
||